000 00429nam a2200181 i 4500
001 bgj
100 1 _aWELDON, Fay.
245 1 0 _aRemember Me /
_cFay Weldon.
260 _aNew York :
_bRandom House,
_cc. 1976.
300 _a248 pp ;
_c22 cm.
650 9 _aEnglish fiction
020 _a0394405544
040 _cBPK
041 0 _aeng
920 _a0-394-40554-4
942 _cKS
008 s uk f |000 0 eng
999 _c48857
_d48857
856 _uhttp://koha.tu.koszalin.pl/cgi-bin/koha/opac-detail.pl?biblionumber=48857
_yKatalog online BPK